000 00758nam a2200241 a 4500
001 000019288
005 20200929165955.0
008 100531s1969 ag 000 p spa d
040 _aDO-SdBNP
_bspa
_cBNPHU
082 _aCh861.44
_bN358n, 1969
100 1 _aNeruda, Pablo,
_d1904-1973
_99164
245 1 0 _aNuevas odas elementales /
_cPablo Neruda,.
250 _a2a ed.
260 _aBuenos Aires :
_bLosada,
_c1969.
300 _a176, [13] p. ;
_c18 cm.
490 1 _aBiblioteca clásica y contemporánea
590 _aAutobiografiado por el autor.
650 4 _aPoesía chilena
_99166
650 4 _aLiteratura chilena
_ySIGLO XX
_914677
830 0 _aBiblioteca clásica y contemporánea
_913431
910 _aCatalogación original
049 _aBNGR
999 _c18806
_d18806